000 01555nam a2200433 c 4500
001 22560
003 ES-MaCES
005 20141221122808.0
008 091022s2009 sp t 000 | spa d
017 _aGR 2558-2009
_bDL
020 _a9788498365597
035 _aCES20090011024m
040 _aES-MaCES
_bspa
_cES-MaCES
100 1 _aMonereo Pérez, José Luis
_918830
245 1 4 _aLos derechos de protección social de los trabajadores autónomos
_cJosé Luis Monereo Pérez, José Antonio Fernández Avilés
260 _aGranada
_bComares
_c2009
300 _aVI, 160 p.
_c24 cm
490 1 _aBiblioteca Comares de ciencia jurídica
490 1 _aColección Trabajo y Seguridad Social
_v41
500 _aAnexo normativo: P. 112-160
504 _aBibliografía: p. 102-111
541 _cCompra
650 4 _atrabajo a cuenta propia
_930170
650 4 _atrabajador independiente
_928412
650 4 _aprotección social
_929076
650 4 _aderechos de los trabajadores
_929924
650 4 _aseguridad social
_927034
650 4 _aregímenes especiales de Seguridad Social
_931067
650 4 _alegislación de seguridad social
_929855
650 4 _aEspaña
_926964
650 4 _arégimen jurídico
_929894
653 1 0 _aSeguridad Social
700 1 _aFernández Avilés, José Antonio
_911772
830 0 _aBiblioteca Comares de ciencia jurídica
_932174
830 0 _aColección Trabajo y Seguridad Social
_v41
_933762
902 _aLIB Libro
942 _2CES
_cBK
_h3.0.
999 _c22560
_d22560